Multiculturalism, Liberalism, and Democracy / (Record no. 14866)
[ view plain ]
| 000 -LEADER | |
|---|---|
| fixed length control field | 01609cam a2200397 a 4500 |
| 001 - CONTROL NUMBER | |
| control field | 11973123 |
| 005 - DATE AND TIME OF LATEST TRANSACTION | |
| control field | 20081002112539.0 |
| 008 - FIXED-LENGTH DATA ELEMENTS--GENERAL INFORMATION | |
| fixed length control field | 000204s1999 ii b 101 0 eng |
| 010 ## - LIBRARY OF CONGRESS CONTROL NUMBER | |
| LC control number | 99952852 |
| 020 ## - INTERNATIONAL STANDARD BOOK NUMBER | |
| International Standard Book Number | 0195692985 |
| 020 ## - INTERNATIONAL STANDARD BOOK NUMBER | |
| International Standard Book Number | 9780195692983 |
| 025 ## - OVERSEAS ACQUISITION NUMBER | |
| Overseas acquisition number | I-E-99-952852; 563-09 |
| 035 ## - SYSTEM CONTROL NUMBER | |
| System control number | (DLC) 99952852 |
| 037 ## - | |
| -- | Library of Congress -- New Delhi Field Office |
| -- | Rs595.00 |
| 040 ## - CATALOGING SOURCE | |
| Original cataloging agency | DLC |
| Transcribing agency | DLC |
| Modifying agency | DLC |
| 042 ## - AUTHENTICATION CODE | |
| Authentication code | lcode |
| 043 ## - GEOGRAPHIC AREA CODE | |
| Geographic area code | a-ii--- |
| 050 00 - LIBRARY OF CONGRESS CALL NUMBER | |
| Classification number | HM1271 |
| Item number | .M84 1999 |
| 082 ## - DEWEY DECIMAL CLASSIFICATION NUMBER | |
| Classification number | 323.154 |
| Item number | MUL |
| 245 00 - TITLE STATEMENT | |
| Title | Multiculturalism, Liberalism, and Democracy / |
| Statement of responsibility, etc | edited by Rajeev Bhargava, Amiya Kumar Bagchi, R. Sudarshan. |
| 260 ## - PUBLICATION, DISTRIBUTION, ETC. (IMPRINT) | |
| Place of publication, distribution, etc | New Delhi ; |
| -- | New York : |
| Name of publisher, distributor, etc | Oxford, 1999 |
| Date of publication, distribution, etc | 1999. |
| 300 ## - PHYSICAL DESCRIPTION | |
| Extent | xi, 433 p. ; |
| Dimensions | 23 cm. |
| 490 ## - Series Statement | |
| -- | 21425 |
| Series statement | Oxford India paperbacks |
| 504 ## - BIBLIOGRAPHY, ETC. NOTE | |
| Bibliography, etc | Includes bibliographical references and index. |
| 520 ## - SUMMARY, ETC. | |
| Summary, etc | Papers originally presented at a seminar organized by the Centre for Studies in Social Sciences, Calcutta. |
| 650 #0 - SUBJECT ADDED ENTRY--TOPICAL TERM | |
| Topical term or geographic name as entry element | Multiculturalism |
| Geographic subdivision | India. |
| 9 (RLIN) | 21426 |
| 650 #0 - SUBJECT ADDED ENTRY--TOPICAL TERM | |
| Topical term or geographic name as entry element | Liberalism |
| Geographic subdivision | India. |
| 9 (RLIN) | 21427 |
| 650 #0 - SUBJECT ADDED ENTRY--TOPICAL TERM | |
| Topical term or geographic name as entry element | Democracy |
| Geographic subdivision | India. |
| 9 (RLIN) | 21428 |
| 700 1# - ADDED ENTRY--PERSONAL NAME | |
| Personal name | Bhargava, Rajeev. |
| 9 (RLIN) | 21429 |
| 700 1# - ADDED ENTRY--PERSONAL NAME | |
| Personal name | Bagchi, Amiya Kumar. |
| 9 (RLIN) | 21430 |
| 700 1# - ADDED ENTRY--PERSONAL NAME | |
| Personal name | Sudarshan, R., |
| Dates associated with a name | 1953- |
| 9 (RLIN) | 21431 |
| 856 42 - ELECTRONIC LOCATION AND ACCESS | |
| Materials specified | Publisher description |
| Uniform Resource Identifier | <a href="http://www.loc.gov/catdir/enhancements/fy0606/99952852-d.html">http://www.loc.gov/catdir/enhancements/fy0606/99952852-d.html</a> |
| 942 ## - ADDED ENTRY ELEMENTS (KOHA) | |
| Source of classification or shelving scheme | Dewey Decimal Classification |
| Item type | Book - Borrowing |
| Withdrawn status | Item status | Source of classification or shelving scheme | Damaged status | Not for loan | Vendor | Home library | Current library | Shelving location | Date acquired | Source of acquisition | Cost, normal purchase price | Serial Enumeration / chronology | Total Checkouts | Total Renewals | Full call number | Barcode | Date last seen | Date last borrowed | Koha item type |
|---|---|---|---|---|---|---|---|---|---|---|---|---|---|---|---|---|---|---|---|
| Dewey Decimal Classification | Baccah | Central Library | Central Library | First floor | 02/12/2010 | 250.00 | 10709 | 5 | 50 | 323.154 MUL | 000022684 | 15/07/2025 | 16/10/2016 | Book - Borrowing |